TV Mania: It Could Happen!, Part III Quiz Stats

 Plays Quiz not verified by Sporcle

Challenge
Share
Tweet
Embed
Score 0/28 Timer 07:00
0 Plays Today
Hypothetical Plot TV Show % Correct
Bart runs out of room on the chalkboard and resorts to writing on the classroom walls. D'oh!The Simpsons
99.5%
Brian gives Lois a roofie so she'll sleep with him; Stewie tries to murder the 'fat man' rather than Lois.Family Guy
91.4%
Will Smith's life once again gets 'flipped-turned upside down' when Carlton marries a supermodel.The Fresh Prince of Bel-Air
89.3%
Samantha twitches her nose and accidentally turns Tabitha into a monkey.Bewitched
85.2%
Drew Carey, after losing weight, dyes his hair white to more closely resemble former host Bob Barker.The Price is Right
84.9%
J.D.'s voice-overs are actually heard by his fellow doctors; this turns Elliot off completely.Scrubs
81.7%
Sarah Palin wins no money as she fails to be more intelligent than an elementary school student.Are You Smarter Than A 5th Grader?
80.6%
Marcia gets a nosejob after another football incident; Cindy takes speech classes to ditch her lisp.The Brady Bunch
76.8%
Johnny Knoxville lights his crotch on fire. Again. Shocker, right?Jackass
74%
Niles receives an invitation to join Mensa, to his brother's dismay; Daphne is admitted to a mental institution.Frasier
72%
Dipsy and Laa-Laa prepare for Po's surprise birthday party; Tinky Winky hooks up with Glee's Kurt.Teletubbies
72%
Piers Morgan puts a stripper through to the next round but buzzes a talented opera singer for not being 'Vegas enough' for him.America's Got Talent
69.4%
Spencer refuses to make any Internet appearances with Sam, Freddie, or Carly.iCarly
68.5%
Steve tracks down Osama bin Laden, and Danno books him.Hawaii Five-0
68.2%
Hypothetical Plot TV Show % Correct
This season, Octomom is paired up with Mark Ballas and Levi Johnston is with Kym Johnson.Dancing With The Stars
65.1%
Jennifer Aniston gets to date 30 attractive men on national TV and still manages to avoid finding happiness.The Bachelorette
64.5%
Patti Mayonnaise marries to become Patti Funnie but is creeped out by her hubby's tendency to think out loud while writing in his journal.Doug
61.9%
Amanda Bynes and Kenan Thompson bring their Nickelodeon version of SNL back on the air.All That
58.8%
Majors Tony Nelson and Roger Healey find themselves trapped in the magic lamp.I Dream of Jeannie
55.9%
Chris Hansen confronts Roman Polanski at a 13-year-old decoy's house; Polanski has brought condoms and vodka.Dateline NBC
51.6%
Cookbook author and host Padma Lakshmi joins the contestants in a challenge; this does not end well.Top Chef
50.5%
Detective Kate Beckett 'accidentally' shoots her cocky mystery novelist sidekick in the leg.Castle
50.5%
Doug almost gets liposuction to shut Carrie up, but doesn't have to when Arthur accidentally rips out Carrie's vocal chords (thank goodness!).The King of Queens
48.9%
Ray Drecker is castrated in a car accident... whoops, there goes the income from male prostitution.Hung
38.5%
Lilly, Scotty, and Kat solve the JonBenet Ramsey murder from years ago.Cold Case
29%
Olivia continues to hallucinate, imagining Astrid as a Greek line dancer and Peter as a member of the Jonas Brothers.Fringe
22.5%
Jules and Grayson marry, and that ho Barb is certainly not invited.Cougar Town
22.5%
Michael and Fiona marry; someone eats yogurt.Burn Notice
18.9%

You're not logged in!

Compare scores with friends on all Sporcle quizzes.
Join for Free
OR
Log In

You Might Also Like...

Show Comments

Extras

Top Quizzes Today


Score Distribution

Your Account Isn't Verified!

In order to create a playlist on Sporcle, you need to verify the email address you used during registration. Go to your Sporcle Settings to finish the process.

Report this User

Report this user for behavior that violates our Community Guidelines.

Details: